[Event "4NCL Division 3n"]
[Site "Palace Hotel, Buxton ENG"]
[Date "2015.02.15"]
[Round "6.55"]
[White "Dunn, Andrew c"]
[Black "Thestrup, Sixten"]
[Result "1-0"]
[WhiteElo "2228"]
[BlackElo "2138"]
[PlyCount "113"]
[EventDate "2015.02.15"]
[WhiteTeam "North East England 1"]
[BlackTeam "Manchester Manticores 1"]

1. d4 d6 2. Nf3 Bg4 3. c4 c6 4. Nc3 Nd7 5. g3 Bxf3 6. exf3 g6 7. f4 e6 8. d5
exd5 9. cxd5 c5 10. Bg2 Bg7 11. O-O Ne7 12. Re1 O-O 13. h4 Nf5 14. h5 Nd4 15.
hxg6 hxg6 16. Be3 a6 17. Ne4 Nf5 18. Qc2 Nf6 19. Rad1 Re8 20. Bf3 Nxe4 21. Bxe4
Nxe3 22. fxe3 Qf6 23. Re2 Re7 24. Bf3 Rae8 25. e4 g5 26. e5 dxe5 27. d6 Rd7 28.
Qxc5 gxf4 29. Bg4 Rdd8 30. d7 Rf8 31. gxf4 Qxf4 32. Rg2 f5 33. Qd5+ Kh8 34. Bh5
Qe3+ 35. Kh1 Rf6 36. Rh2 Rh6 37. Qg2 e4 38. Rh3 Qf4 39. Be8 Rxh3+ 40. Qxh3+ Qh6
41. Qxh6+ Bxh6 42. Rd6 Bg7 43. Bg6 Bxb2 44. Bxf5 Kg7 45. Bxe4 b5 46. Bf5 a5 47.
Rd5 Kf6 48. Rxb5 Bc3 49. Rc5 Bb4 50. Rc8 Be7 51. Bh3 Ke5 52. Kg2 Kd6 53. Kf3
Bf6 54. Ke4 Ke7 55. Kd5 Rh8 56. Kc6 a4 57. Rxh8 1-0

[Event "4NCL Division 3n"]
[Site "Palace Hotel, Buxton ENG"]
[Date "2015.02.15"]
[Round "6.57"]
[White "Tavoularis, Nick"]
[Black "Jarmany, John"]
[Result "1-0"]
[WhiteElo "2132"]
[BlackElo "2037"]
[PlyCount "135"]
[EventDate "2015.02.15"]
[WhiteTeam "North East England 1"]
[BlackTeam "Manchester Manticores 1"]

1. c4 c6 2. Nf3 Nf6 3. b3 d5 4. Bb2 Bf5 5. e3 e6 6. Be2 h6 7. O-O Nbd7 8. Nc3
Bd6 9. cxd5 exd5 10. d3 Bg4 11. Nd4 Bxe2 12. Qxe2 O-O 13. Nf5 Ne5 14. f4 Ng6
15. Qf3 d4 16. Ne4 Nxe4 17. dxe4 c5 18. Rad1 Nh4 19. Nxh4 Qxh4 20. exd4 cxd4
21. Bxd4 Rfd8 22. e5 Bf8 23. Bf2 Qe7 24. Rxd8 Rxd8 25. Rd1 Rxd1+ 26. Qxd1 Qa3
27. Qc2 Qb4 28. g3 b6 29. a4 Bc5 30. Bxc5 bxc5 31. Qd3 Qe1+ 32. Kg2 Qb4 33.
Qd8+ Kh7 34. Qd5 Kg8 35. h4 Qc3 36. Kh3 Qc1 37. Qd8+ Kh7 38. Qd3+ Kg8 39. Kg2
Qb2+ 40. Kf3 Qc1 41. f5 Qh1+ 42. Kf4 Qc1+ 43. Ke4 Qh1+ 44. Qf3 Qg1 45. Qe3 Qh1+
46. Kd3 Qb1+ 47. Kc4 Qxf5 48. Kxc5 Qe6 49. Kb4 f6 50. Qc5 fxe5 51. Qc4 Kf7 52.
Kc5 g5 53. hxg5 hxg5 54. b4 Kf6 55. Qxe6+ Kxe6 56. g4 e4 57. Kd4 e3 58. Kxe3
Kd5 59. Kd3 Ke5 60. b5 Kd5 61. Kc3 Kc5 62. Kb3 Kb6 63. Kb4 Kc7 64. Kc5 Kb7 65.
a5 Kc7 66. Kd5 Kb7 67. Ke5 Kc7 68. Kf5 1-0

[Event "4NCL Division 3n"]
[Site "Palace Hotel, Buxton ENG"]
[Date "2015.02.15"]
[Round "6.58"]
[White "Cawley, Paul.F"]
[Black "Waters, Clive L"]
[Result "0-1"]
[WhiteElo "2042"]
[BlackElo "2137"]
[PlyCount "92"]
[EventDate "2015.02.15"]
[WhiteTeam "Manchester Manticores 1"]
[BlackTeam "North East England 1"]

1. d4 Nf6 2. Bf4 c6 3. Nc3 d5 4. e3 Bf5 5. Nf3 e6 6. h3 Bb4 7. Bd3 Ne4 8. Bxe4
Bxe4 9. O-O Bg6 10. Ne2 Nd7 11. Bg3 O-O 12. Nf4 Bf5 13. Nh4 Be4 14. f3 Bg6 15.
Nhxg6 hxg6 16. Nd3 Be7 17. Qe1 c5 18. c3 Qb6 19. Rb1 Qa6 20. Nc1 Bd6 21. Kh2
Bxg3+ 22. Kxg3 e5 23. dxe5 Nxe5 24. Kh2 Rfe8 25. Qf2 Rad8 26. Nb3 Nc4 27. Rfe1
Qd6+ 28. Qg3 Qc6 29. Qf2 a5 30. Kh1 a4 31. Nd2 Ne5 32. Qh4 Nd3 33. Re2 Rd7 34.
e4 Qa6 35. Nf1 dxe4 36. Rxe4 Rxe4 37. fxe4 Nxb2 38. Rxb2 Qxf1+ 39. Kh2 Rd1 40.
Rf2 Qg1+ 41. Kg3 Rd3+ 42. Kg4 Qd1+ 43. Kf4 Qc1+ 44. Kg4 Qxc3 45. Rf3 f5+ 46.
Kg3 Qe1+ 0-1

[Event "4NCL Division 3n"]
[Site "Palace Hotel, Buxton ENG"]
[Date "2015.02.15"]
[Round "6.59"]
[White "Coathup, Roger H"]
[Black "Lopez, Pablo.G.J"]
[Result "1/2-1/2"]
[WhiteElo "2114"]
[BlackElo "1999"]
[PlyCount "108"]
[EventDate "2015.02.15"]
[WhiteTeam "North East England 1"]
[BlackTeam "Manchester Manticores 1"]

1. d4 Nf6 2. c4 g6 3. Nc3 Bg7 4. e4 d6 5. Be2 O-O 6. Bg5 Nc6 7. d5 Nb4 8. Nf3
c6 9. dxc6 Nxc6 10. h3 Be6 11. O-O Rc8 12. Rc1 Nd7 13. Be3 Qa5 14. Qd2 Nc5 15.
Nd4 Nxd4 16. Bxd4 Nxe4 17. Qe3 Nxc3 18. Bxc3 Bxc3 19. Qxc3 Qxc3 20. Rxc3 Rc7
21. Re3 Rfc8 22. Re1 d5 23. cxd5 Bxd5 24. Bf3 Bxf3 25. Rxf3 e6 26. Re2 h5 27.
h4 Rc1+ 28. Kh2 R8c4 29. g3 R4c2 30. Rfe3 Kf8 31. Kg2 Ke7 32. Rxc2 Rxc2 33. Rb3
b6 34. Ra3 Rxb2 35. Rxa7+ Kf6 36. Rb7 Rxa2 37. Rxb6 Kf5 38. Rb3 e5 39. Rb5 f6
40. Rc5 Rd2 41. Ra5 Ke6 42. Ra6+ Rd6 43. Ra4 f5 44. Rb4 Ra6 45. Rb5 e4 46. Rb8
Kd5 47. Rd8+ Rd6 48. Ra8 Kc4 49. Ra1 Rd2 50. Ra3 Kb4 51. Re3 Rd3 52. Re1 Kc4
53. Ra1 Rd6 54. Rc1+ Kb3 1/2-1/2

[Event "4NCL Division 3n"]
[Site "Palace Hotel, Buxton ENG"]
[Date "2015.02.15"]
[Round "6.65"]
[White "Clark, Robert G"]
[Black "Wallace, Paul A"]
[Result "0-1"]
[WhiteElo "2008"]
[BlackElo "2183"]
[PlyCount "128"]
[EventDate "2015.02.15"]
[WhiteTeam "Holmes Chapel"]
[BlackTeam "Cheddleton 2"]

1. e4 e5 2. Nf3 Nc6 3. Bb5 f5 4. d3 fxe4 5. dxe4 Nf6 6. O-O Bc5 7. Bg5 d6 8.
Nc3 O-O 9. h3 Kh8 10. Na4 Bb6 11. Nxb6 axb6 12. Nh2 Qe8 13. Bxf6 Rxf6 14. Ng4
Rg6 15. f4 Bxg4 16. hxg4 exf4 17. Bxc6 Qxc6 18. Rxf4 Qc5+ 19. Kh2 Qe5 20. Qf3
Rf6 21. g3 Qxb2 22. Rf1 Rxa2 23. Rf2 Qe5 24. Qb3 Ra8 25. Rxf6 gxf6 26. Qf7 Re8
27. Qxc7 Qc5 28. Qxc5 bxc5 29. Rxf6 Rxe4 30. Rxd6 b5 31. Rd2 Rxg4 32. Kg2 Rc4
33. Kf3 Kg7 34. Ke3 b4 35. Rd7+ Kg6 36. Kd2 h5 37. Rc7 Kf5 38. Rf7+ Ke6 39. Rh7
Rd4+ 40. Ke3 Rd5 41. Rh6+ Kd7 42. Ke2 Kc7 43. Ke3 Kb7 44. Ke2 c4 45. Rh7+ Kb6
46. Rh8 Kc5 47. Rb8 Rg5 48. Kf3 Rg6 49. Kf4 Rf6+ 50. Ke3 Re6+ 51. Kf3 Re5 52.
Rb7 Re1 53. Rh7 Rh1 54. Ke3 Rh3 55. Ke4 b3 56. cxb3 cxb3 57. Kf4 Kd4 58. Rd7+
Kc3 59. Rc7+ Kd2 60. Rb7 Kc2 61. Rc7+ Kb1 62. Rb7 b2 63. Rb8 Rh1 64. Kg5 Kc1
0-1

[Event "4NCL Division 3n"]
[Site "Palace Hotel, Buxton ENG"]
[Date "2015.02.15"]
[Round "6.66"]
[White "Armstrong, Malcolm J"]
[Black "Bennett, Patrick"]
[Result "1-0"]
[WhiteElo "2088"]
[BlackElo "2024"]
[PlyCount "111"]
[EventDate "2015.02.15"]
[WhiteTeam "Cheddleton 2"]
[BlackTeam "Holmes Chapel"]

1. d4 Nf6 2. Nf3 g6 3. c4 Bg7 4. Nc3 O-O 5. e4 d6 6. Be2 Nbd7 7. O-O e5 8. Re1
Re8 9. Bf1 c6 10. d5 Nc5 11. Qc2 Bg4 12. Nd2 Nh5 13. b4 Na6 14. a3 Nf4 15. Nb3
cxd5 16. Nxd5 Nc7 17. Be3 Ncxd5 18. cxd5 Qg5 19. Kh1 Rec8 20. Qd2 Qd8 21. Na5
Rc7 22. Rac1 Nh5 23. Rxc7 Qxc7 24. f3 Bd7 25. Rc1 Qb8 26. Qc3 Nf6 27. Qc7 b6
28. Qxb8+ Rxb8 29. Nc6 Bxc6 30. Rxc6 Ne8 31. Bd3 Bf8 32. Kg1 f6 33. Kf2 Kf7 34.
a4 Be7 35. Ke2 Bd8 36. Kd2 Ke7 37. Kc3 Kd7 38. Kb3 Ke7 39. Rc1 Nc7 40. Ra1 Ne8
41. g4 Kf7 42. Bd2 Nc7 43. b5 a5 44. bxa6 Ra8 45. Bb4 Nxa6 46. Bxa6 Rxa6 47.
Rc1 h5 48. Rc6 hxg4 49. fxg4 Ke8 50. a5 Ra7 51. axb6 Rb7 52. Ba5 Kd7 53. Kc4
Rb8 54. Kb5 Ra8 55. Bb4 Be7 56. b7 1-0

[Event "4NCL Division 3n"]
[Site "Palace Hotel, Buxton ENG"]
[Date "2015.02.15"]
[Round "6.67"]
[White "Turner, John M"]
[Black "Edwards, Simon R"]
[Result "1/2-1/2"]
[WhiteElo "2025"]
[BlackElo "1910"]
[PlyCount "49"]
[EventDate "2015.02.15"]
[WhiteTeam "Holmes Chapel"]
[BlackTeam "Cheddleton 2"]

1. Nf3 g6 2. g3 Bg7 3. Bg2 c5 4. c4 Nc6 5. Nc3 d6 6. d3 Bg4 7. h3 Bd7 8. O-O h5
9. e4 Nd4 10. Nxd4 Bxd4 11. Bg5 Bc6 12. Qd2 Qd7 13. Be3 Bg7 14. d4 cxd4 15.
Bxd4 Nf6 16. Rad1 O-O 17. f4 e5 18. Be3 Rfe8 19. f5 gxf5 20. exf5 Bxg2 21. Qxg2
Rac8 22. c5 Rc6 23. cxd6 Rxd6 24. Rxd6 Qxd6 25. Rd1 1/2-1/2

[Event "4NCL Division 3n"]
[Site "Palace Hotel, Buxton ENG"]
[Date "2015.02.15"]
[Round "6.68"]
[White "Acey, Gerald"]
[Black "Doran, Chris"]
[Result "1-0"]
[WhiteElo "2084"]
[BlackElo "2022"]
[PlyCount "65"]
[EventDate "2015.02.15"]
[WhiteTeam "Cheddleton 2"]
[BlackTeam "Holmes Chapel"]

1. d4 Nf6 2. c4 g6 3. Nf3 Bg7 4. g3 d6 5. Bg2 O-O 6. O-O Nc6 7. Nc3 a6 8. Re1
Rb8 9. Qc2 Bd7 10. d5 Na5 11. Nd2 c5 12. b3 b5 13. h3 b4 14. Nd1 Nxd5 15. cxd5
Bxa1 16. Nb2 Rc8 17. e4 e5 18. Ndc4 Bxb2 19. Nxb2 Bb5 20. Bh6 Re8 21. Qd2 f6
22. h4 c4 23. bxc4 Nxc4 24. Qxb4 Qa5 25. Qxa5 Nxa5 26. Bh3 Rc2 27. a4 Rxb2 28.
axb5 axb5 29. Be6+ Kh8 30. Rc1 Nc4 31. Ra1 Nd2 32. Ra7 Rg8 33. Bg7+ 1-0

[Event "4NCL Division 3n"]
[Site "Palace Hotel, Buxton ENG"]
[Date "2015.02.15"]
[Round "6.69"]
[White "Lowick Higgie, Charles"]
[Black "Richardson, Alex"]
[Result "0-1"]
[WhiteElo "1895"]
[BlackElo "2103"]
[PlyCount "118"]
[EventDate "2015.02.15"]
[WhiteTeam "Holmes Chapel"]
[BlackTeam "Cheddleton 2"]

1. d4 Nf6 2. c4 e6 3. Nc3 Bb4 4. e3 O-O 5. Bd3 d5 6. Nf3 c5 7. a3 Bxc3+ 8. bxc3
Qc7 9. cxd5 exd5 10. O-O c4 11. Be2 Nc6 12. Nd2 Re8 13. e4 dxe4 14. Nxc4 Nd5
15. Qc2 Bd7 16. Ne3 Nf4 17. Bb2 Nxd4 18. cxd4 Qxc2 19. Nxc2 Nxe2+ 20. Kh1 Nf4
21. Rab1 Bb5 22. Rfd1 Ba4 23. Rd2 Bxc2 24. Rxc2 Rac8 25. Rbc1 Rxc2 26. Rxc2 Nd3
27. Bc1 f5 28. g3 Nxc1 29. Rxc1 Kf7 30. Kg2 Re7 31. Kf1 Rd7 32. Ke2 Rxd4 33.
Rc7+ Kf6 34. Rxb7 Ra4 35. Rb3 g5 36. Ke3 Ra5 37. f3 exf3 38. Kxf3 h5 39. h4 Ra4
40. hxg5+ Kxg5 41. Rc3 h4 42. gxh4+ Rxh4 43. Kg2 Rh7 44. Rc4 Re7 45. Ra4 Rc7
46. Kf3 Rb7 47. Ra5 Rb3+ 48. Kf2 Kg4 49. Rxa7 Rb2+ 50. Ke3 f4+ 51. Ke4 Re2+ 52.
Kd3 f3 53. Rg7+ Kf4 54. a4 Ra2 55. Ra7 f2 56. Rf7+ Kg3 57. Ke3 Kg2 58. Rg7+ Kf1
59. Re7 Re2+ 0-1

[Event "4NCL Division 3n"]
[Site "Palace Hotel, Buxton ENG"]
[Date "2015.02.15"]
[Round "6.75"]
[White "Collins, Richard.A"]
[Black "Prasath, Malola TS"]
[Result "0-1"]
[WhiteElo "1800"]
[BlackElo "2053"]
[PlyCount "160"]
[EventDate "2015.02.15"]
[WhiteTeam "Manchester Manticores 3"]
[BlackTeam "North East England 2"]

1. d4 Nf6 2. c4 Nc6 3. Nc3 e5 4. d5 Ne7 5. e4 Ng6 6. a3 a5 7. Be3 b6 8. Bd3 Bc5
9. Bxc5 bxc5 10. Nge2 d6 11. Qa4+ Bd7 12. Qc2 Nh5 13. Nd1 Qg5 14. Ne3 Nhf4 15.
g3 Nh3 16. Ng1 O-O 17. Nxh3 Bxh3 18. Bf1 Bd7 19. Bd3 Ne7 20. O-O Bh3 21. Rfe1
h5 22. Bf1 Bg4 23. h4 Qg6 24. Nxg4 hxg4 25. Bd3 Qh5 26. Qd2 f6 27. Kg2 Rfb8 28.
Rab1 g6 29. Rh1 Kg7 30. Be2 f5 31. f3 gxf3+ 32. Bxf3 Qh6 33. Qe2 Rb3 34. Rhe1
Rab8 35. Qf2 Rd3 36. Red1 Rbb3 37. Rxd3 Rxd3 38. Rd1 fxe4 39. Be2 Rb3 40. Bg4
Qe3 41. Qxe3 Rxe3 42. Rf1 Ng8 43. Rf2 Nf6 44. Bd1 Rd3 45. Bc2 Rd4 46. b3 a4 47.
Re2 axb3 48. Bxb3 Rd3 49. Rb2 Nh5 50. a4 Rxg3+ 51. Kh2 Rf3 52. a5 Rf8 53. a6
Ra8 54. Ra2 Ra7 55. Bc2 e3 56. Kg2 Nf4+ 57. Kf1 Kh6 58. Bd1 Nd3 59. Ra3 Nb4 60.
Rxe3 Rxa6 61. Kg2 Ra1 62. Bf3 Nc2 63. Rc3 Ne1+ 64. Kf2 Nxf3 65. Kxf3 Rf1+ 66.
Kg3 Kh5 67. Rc2 Rg1+ 68. Kh2 Rg4 69. Kh3 Rxh4+ 70. Kg3 Rg4+ 71. Kh3 g5 72. Rc1
Rf4 73. Rc3 g4+ 74. Kh2 Kh4 75. Kg1 Rf3 76. Rc2 Kg3 77. Rg2+ Kf4 78. Rc2 g3 79.
Rc1 Rf2 80. Rc3 e4 0-1

[Event "4NCL Division 3n"]
[Site "Palace Hotel, Buxton ENG"]
[Date "2015.02.15"]
[Round "6.76"]
[White "Kendall, Paul SN"]
[Black "Hilton, Tim"]
[Result "1-0"]
[WhiteElo "2033"]
[BlackElo "1783"]
[PlyCount "79"]
[EventDate "2015.02.15"]
[WhiteTeam "North East England 2"]
[BlackTeam "Manchester Manticores 3"]

1. e4 Nc6 2. Nf3 e5 3. d4 exd4 4. Bc4 Nf6 5. e5 d5 6. Bb5 Ne4 7. Nxd4 Bd7 8.
Bxc6 bxc6 9. O-O Bc5 10. f3 Ng5 11. f4 Ne4 12. Be3 Rb8 13. Nd2 Nxd2 14. Qxd2
Bxd4 15. Bxd4 Bf5 16. Qc3 Qd7 17. Bxa7 Ra8 18. Bc5 Be4 19. a4 h5 20. a5 Rh6 21.
Rf2 Rg6 22. a6 h4 23. a7 Qg4 24. h3 Qf5 25. Re1 Rg3 26. Re3 Qg6 27. Rxg3 hxg3
28. Rf1 Kd7 29. Qb4 Qh5 30. Qe1 Qh4 31. f5 Rh8 32. e6+ fxe6 33. fxe6+ Kxe6 34.
Rf8 Rxf8 35. Bxf8 Qd8 36. Bc5 g6 37. Qxg3 Bxc2 38. Qc3 Be4 39. Qg7 Qc8 40. Qf8
1-0

[Event "4NCL Division 3n"]
[Site "Palace Hotel, Buxton ENG"]
[Date "2015.02.15"]
[Round "6.78"]
[White "Dalton, Joseph"]
[Black "Lonsdale, Jon.I"]
[Result "1-0"]
[WhiteElo "1754"]
[BlackElo "1788"]
[PlyCount "67"]
[EventDate "2015.02.15"]
[WhiteTeam "North East England 2"]
[BlackTeam "Manchester Manticores 3"]

1. d4 Nf6 2. Nf3 e6 3. Bf4 c5 4. c3 b6 5. e3 Bb7 6. Nbd2 Be7 7. h3 O-O 8. Bd3
Nc6 9. O-O d6 10. Ne4 Nxe4 11. Bxe4 Bf6 12. Qd3 g6 13. d5 exd5 14. Bxd5 Ne5 15.
Qe4 Bxd5 16. Qxd5 Nxf3+ 17. Qxf3 Be5 18. Rad1 Qe7 19. Rd5 b5 20. Rfd1 Rad8 21.
Qg4 b4 22. cxb4 cxb4 23. Bxe5 dxe5 24. Rxd8 Rxd8 25. Rxd8+ Qxd8 26. Qxb4 Qc7
27. Qd2 h5 28. b4 Qc4 29. g3 Qe4 30. a4 Kh7 31. Qd7 Qf3 32. h4 Kh6 33. Qe8 e4
34. Qh8# 1-0

[Event "4NCL Division 3n"]
[Site "Palace Hotel, Buxton ENG"]
[Date "2015.02.15"]
[Round "6.79"]
[White "Livesey, Nigel.R"]
[Black "Gazis, George"]
[Result "0-1"]
[WhiteElo "1888"]
[BlackElo "1746"]
[PlyCount "72"]
[EventDate "2015.02.15"]
[WhiteTeam "Manchester Manticores 3"]
[BlackTeam "North East England 2"]

1. c4 Nf6 2. g3 e5 3. Bg2 d5 4. cxd5 Nxd5 5. Nc3 Nb6 6. Nf3 Nc6 7. O-O Be7 8.
d3 O-O 9. Be3 Be6 10. Ne4 Nd5 11. Bc5 f6 12. Bxe7 Qxe7 13. Rc1 Ncb4 14. a3 Na6
15. b4 c6 16. Nc5 Nxc5 17. Rxc5 Qd7 18. Nd2 Rfd8 19. Nf3 Bh3 20. Qb3 Bxg2 21.
Kxg2 Qe6 22. Qc2 a6 23. h3 Rd7 24. Nd2 Rad8 25. Nb3 Kh8 26. Na5 f5 27. Qc4 Qg6
28. Kh2 Qh5 29. e4 Ne3 30. fxe3 Qe2+ 31. Kg1 Qxe3+ 32. Kh1 Qxg3 33. Nxc6 Qxh3+
34. Kg1 Qg3+ 35. Kh1 Rd6 36. Nxe5 Rh6# 0-1

[Event "4NCL Division 3n"]
[Site "Palace Hotel, Buxton ENG"]
[Date "2015.02.15"]
[Round "6.86"]
[White "Bramson, Mike"]
[Black "White, Mark W"]
[Result "1/2-1/2"]
[WhiteElo "1822"]
[BlackElo "2068"]
[PlyCount "65"]
[EventDate "2015.02.15"]
[WhiteTeam "Bradford DCA Knights C"]
[BlackTeam "Jorvik"]

1. e4 c5 2. Nf3 Nc6 3. Nc3 e5 4. Bc4 Be7 5. d3 Nf6 6. Nd2 d6 7. Nf1 O-O 8. Ne3
Be6 9. Ncd5 Na5 10. Qf3 Nxc4 11. dxc4 Bxd5 12. cxd5 Kh8 13. O-O g6 14. Re1 Nh5
15. Nf5 Ng7 16. Nxg7 Kxg7 17. Qh3 h5 18. Bd2 Rb8 19. c4 Bg5 20. Bc3 Qc8 21. Qg3
Qg4 22. f3 Qxg3 23. hxg3 f6 24. Kf2 Rh8 25. Rab1 h4 26. gxh4 Bxh4+ 27. g3 Bg5
28. Kg2 Rh7 29. Rf1 Rbh8 30. Rh1 Rxh1 31. Rxh1 Rxh1 32. Kxh1 Kf7 33. Kg2
1/2-1/2

[Event "4NCL Division 3n"]
[Site "Palace Hotel, Buxton ENG"]
[Date "2015.02.15"]
[Round "6.87"]
[White "Cowan, Richard M"]
[Black "Garcia Castro, Veronica"]
[Result "1/2-1/2"]
[WhiteElo "1888"]
[BlackElo "1740"]
[PlyCount "83"]
[EventDate "2015.02.15"]
[WhiteTeam "Jorvik"]
[BlackTeam "Bradford DCA Knights C"]

1. Nf3 Nf6 2. g3 g6 3. Bg2 Bg7 4. c4 d6 5. O-O O-O 6. Nc3 Nbd7 7. Qc2 e5 8. b4
a5 9. bxa5 Rxa5 10. Rb1 Nc5 11. d3 Re8 12. Bd2 Ra7 13. Ng5 h6 14. Nge4 Nfxe4
15. Nxe4 Nxe4 16. Bxe4 b6 17. Qb3 Be6 18. a4 Qd7 19. Qb5 Qxb5 20. axb5 Ra2 21.
Rfd1 f5 22. Bc6 Re7 23. e4 fxe4 24. Bxe4 Bf5 25. Ra1 Rc2 26. f3 Bxe4 27. fxe4
Rf7 28. Ra8+ Kh7 29. Rc8 h5 30. h4 Rf3 31. Rxc7 Rxg3+ 32. Kf1 Rxd3 33. Rxg7+
Kxg7 34. Bh6+ Kxh6 35. Rxd3 Rxc4 36. Rxd6 Rxe4 37. Rxb6 Rxh4 38. Re6 Rb4 39.
Rxe5 Kg7 40. Kg2 Kf6 41. Rc5 Ke6 42. Rg5 1/2-1/2

[Event "4NCL Division 3n"]
[Site "Palace Hotel, Buxton ENG"]
[Date "2015.02.15"]
[Round "6.89"]
[White "Flint, Martina"]
[Black "Grobler, David"]
[Result "0-1"]
[WhiteElo "1830"]
[BlackElo "1651"]
[PlyCount "140"]
[EventDate "2015.02.15"]
[WhiteTeam "Jorvik"]
[BlackTeam "Bradford DCA Knights C"]

1. f4 d5 2. g3 Nf6 3. Bg2 g6 4. d3 Bg7 5. c3 O-O 6. Nf3 c5 7. O-O Nc6 8. Qc2
Qb6 9. Kh1 d4 10. Na3 dxc3 11. bxc3 Qc7 12. e4 Rd8 13. Nc4 Ng4 14. h3 Nb4 15.
cxb4 Bxa1 16. hxg4 cxb4 17. Bb2 Bxb2 18. Qxb2 b5 19. Nce5 Qc3 20. Qxc3 bxc3 21.
d4 Bb7 22. d5 f6 23. Nd3 Rac8 24. Nd4 Rc4 25. Nb3 Rdc8 26. Rc1 c2 27. Na5 Rc3
28. Bf1 R8c7 29. Kg2 Bc8 30. f5 Bd7 31. Nb3 a5 32. Nxa5 Ra7 33. Nb3 Rxa2 34.
Nd4 Raa3 35. Rxc2 Rxd3 36. Bxd3 Rxd3 37. Nc6 Re3 38. Rb2 Rxe4 39. Rxb5 gxf5 40.
gxf5 Bxf5 41. d6 Bd7 42. Rb8+ Kf7 43. Nxe7 Rd4 44. Rb6 Ke6 45. Ng8 f5 46. Rb1
Rxd6 47. Nh6 Kf6 48. g4 fxg4 49. Kg3 Rd3+ 50. Kf2 Kg7 51. Rb6 Rf3+ 52. Kg2 Rf6
53. Rb7 Kxh6 54. Rxd7 Kg6 55. Rd3 h5 56. Rd8 h4 57. Rg8+ Kh5 58. Rh8+ Kg5 59.
Rg8+ Kf4 60. Rb8 h3+ 61. Kh2 Re6 62. Rf8+ Ke3 63. Rg8 Re4 64. Kg3 Ke2 65. Rb8
Kf1 66. Rb1+ Re1 67. Rb2 Kg1 68. Rb3 h2 69. Kxg4 h1=Q 70. Rg3+ Kf2 0-1

[Event "4NCL Division 3n"]
[Site "Palace Hotel, Buxton ENG"]
[Date "2015.02.15"]
[Round "6.97"]
[White "Latham, David"]
[Black "Sizeland, Chris M"]
[Result "1-0"]
[WhiteElo "2066"]
[BlackElo "1787"]
[PlyCount "77"]
[EventDate "2015.02.15"]
[WhiteTeam "Spirit of Atticus B"]
[BlackTeam "Cheddleton 3"]

1. e4 c5 2. Nf3 d6 3. d4 Nf6 4. Nc3 cxd4 5. Nxd4 g6 6. Bc4 Bg7 7. O-O O-O 8.
Re1 Nc6 9. Bg5 Bg4 10. Qd2 Nxd4 11. Qxd4 Qc8 12. Bb3 h6 13. Be3 Be6 14. Qd2 Ng4
15. Bd4 Ne5 16. Nd5 Bxd5 17. exd5 Qg4 18. Bxe5 Bxe5 19. c3 Kg7 20. Qd3 h5 21.
Re4 Qg5 22. h4 Qh6 23. Rae1 f5 24. Rb4 f4 25. Rxb7 Rf7 26. Rxe5 dxe5 27. d6 e6
28. Qe4 Raf8 29. Qxe5+ Kh7 30. Rxf7+ Rxf7 31. Qxe6 Rf8 32. d7 Qg7 33. c4 Rd8
34. Ba4 Qg8 35. Qe7+ Kh8 36. c5 Rb8 37. Bb3 Qd8 38. Qxd8+ Rxd8 39. c6 1-0

[Event "4NCL Division 3n"]
[Site "Palace Hotel, Buxton ENG"]
[Date "2015.02.15"]
[Round "6.98"]
[White "Boswell, Jacob C"]
[Black "Johnson, Michael D"]
[Result "0-1"]
[WhiteElo "1600"]
[BlackElo "2043"]
[PlyCount "92"]
[EventDate "2015.02.15"]
[WhiteTeam "Cheddleton 3"]
[BlackTeam "Spirit of Atticus B"]

1. e4 e6 2. d4 d5 3. Nd2 c5 4. exd5 exd5 5. Bb5+ Bd7 6. Qe2+ Qe7 7. Bxd7+ Nxd7
8. dxc5 Nxc5 9. b3 O-O-O 10. Qxe7 Bxe7 11. Bb2 Bf6 12. O-O-O Bxb2+ 13. Kxb2 Nf6
14. f3 Rhe8 15. Nh3 Re2 16. Nf4 Rf2 17. Rhf1 Rxf1 18. Nxf1 Ne6 19. Nd3 Nd7 20.
Ng3 g6 21. Ne2 Kc7 22. Nc3 Nb6 23. Ne5 f6 24. Ng4 f5 25. Ne5 a6 26. Ne2 Re8 27.
Nd3 Nd8 28. Nd4 Nc6 29. Nxc6 bxc6 30. Re1 Rxe1 31. Nxe1 Kd6 32. f4 d4 33. Nd3
Nd5 34. g3 Ne3 35. h3 c5 36. Ka3 Nxc2+ 37. Ka4 Kd5 38. Ka5 Nb4 39. Nxb4+ cxb4
40. Kxb4 Ke4 41. Ka5 d3 42. Kxa6 d2 43. b4 d1=Q 44. b5 Qa4+ 45. Kb6 Kd5 46. g4
h5 0-1

[Event "4NCL Division 3n"]
[Site "Palace Hotel, Buxton ENG"]
[Date "2015.02.15"]
[Round "6.191"]
[White "Jennings, Roger"]
[Black "Slinger, AJ (Tony)"]
[Result "1-0"]
[WhiteElo "2094"]
[BlackElo "1955"]
[PlyCount "67"]
[EventDate "2015.02.15"]
[WhiteTeam "Bradford DCA Knights A"]
[BlackTeam "Bradford DCA Knights B"]

1. g3 g6 2. Bg2 Bg7 3. Nf3 c5 4. O-O Nc6 5. d3 e5 6. Nc3 Nge7 7. Bg5 f6 8. Bd2
O-O 9. e4 d6 10. Nd5 Nxd5 11. exd5 Ne7 12. Ne1 a5 13. c3 b6 14. Nc2 Ba6 15. c4
f5 16. Rb1 b5 17. b3 b4 18. f4 Bb7 19. fxe5 Bxe5 20. Bf4 Bxf4 21. Rxf4 Qd7 22.
d4 a4 23. dxc5 dxc5 24. bxa4 Nc8 25. Nxb4 cxb4 26. c5 Qxa4 27. Rfxb4 Qxd1+ 28.
Rxd1 Ra7 29. c6 Nd6 30. cxb7 Nxb7 31. d6 Nc5 32. Rc4 Ne4 33. d7 Rd8 34. Rc8 1-0

[Event "4NCL Division 3n"]
[Site "Palace Hotel, Buxton ENG"]
[Date "2015.02.15"]
[Round "6.194"]
[White "Johnson, Paul"]
[Black "Bak, Andrew"]
[Result "0-1"]
[WhiteElo "1908"]
[BlackElo "2048"]
[PlyCount "74"]
[EventDate "2015.02.15"]
[WhiteTeam "Bradford DCA Knights B"]
[BlackTeam "Bradford DCA Knights A"]

1. d4 d5 2. Nf3 Nf6 3. c4 e6 4. Nc3 c6 5. e3 Nbd7 6. Bd3 dxc4 7. Bxc4 b5 8. Bd3
Bb7 9. O-O a6 10. Qe2 c5 11. a3 cxd4 12. exd4 Bd6 13. Bg5 Qc7 14. Rac1 Qb8 15.
Ne4 Nxe4 16. Bxe4 O-O 17. Rc3 Nb6 18. Ne5 f6 19. Bxh7+ Kxh7 20. Qh5+ Kg8 21.
Rh3 Bxe5 22. Qh7+ Kf7 23. Bh6 f5 24. Rg3 Ke8 25. dxe5 gxh6 26. Rg7 Bd5 27. Rc1
Qxe5 28. Rgc7 Qd6 29. Rg7 Rc8 30. Qg6+ Kd8 31. Rd1 Rc7 32. Rg8 Rxg8 33. Qxg8+
Kd7 34. h3 Kc6 35. Qb8 Rg7 36. Rc1+ Nc4 37. b3 Qxb8 0-1

[Event "4NCL Division 3n"]
[Site "Palace Hotel, Buxton ENG"]
[Date "2015.02.15"]
[Round "6.197"]
[White "Gardiner, Eric"]
[Black "Dean, Robert A"]
[Result "1/2-1/2"]
[WhiteElo "2009"]
[BlackElo "1852"]
[PlyCount "95"]
[EventDate "2015.02.15"]
[WhiteTeam "Bradford DCA Knights A"]
[BlackTeam "Bradford DCA Knights B"]

1. d4 d5 2. c4 c6 3. Nf3 Nf6 4. e3 Nbd7 5. b3 e6 6. Bb2 Bb4+ 7. Nbd2 O-O 8. Bd3
dxc4 9. bxc4 Nc5 10. Bc2 Nce4 11. O-O Nxd2 12. Nxd2 b5 13. cxb5 cxb5 14. Ne4
Be7 15. Qd3 g6 16. Nxf6+ Bxf6 17. Ba3 Re8 18. Qxb5 Bd7 19. Qd3 Bc6 20. Rfd1 Qd5
21. e4 Qg5 22. Rac1 Red8 23. Bc5 a6 24. Qg3 Qxg3 25. hxg3 Rab8 26. f3 Bg5 27.
f4 Bh6 28. Rb1 Bf8 29. Bxf8 Kxf8 30. Rxb8 Rxb8 31. Rb1 Rxb1+ 32. Bxb1 Ke7 33.
Bd3 a5 34. g4 h6 35. Kf2 Kd6 36. Ke3 Bd7 37. Bc4 Be8 38. g3 Kc6 39. Kd3 Kb6 40.
Kc3 Bc6 41. f5 Bxe4 42. Bxe6 gxf5 43. Bxf7 fxg4 44. Kd2 Kc6 45. Ke3 Bf3 46. Kf4
Kd6 47. a3 Bd1 48. Ke3 1/2-1/2

[Event "4NCL Division 3n"]
[Site "Palace Hotel, Buxton ENG"]
[Date "2015.02.15"]
[Round "6.189"]
[White "Edwards-Wright, Miles D"]
[Black "Mulleady, Peter.J"]
[Result "0-1"]
[WhiteElo "1928"]
[BlackElo "1912"]
[PlyCount "94"]
[EventDate "2015.02.15"]
[WhiteTeam "Bradford DCA Knights B"]
[BlackTeam "Manchester Manticores 2"]

1. b3 g6 2. Bb2 Nf6 3. e3 Bg7 4. f4 d5 5. Be2 c5 6. Nf3 Bg4 7. Ne5 Bxe2 8. Qxe2
a6 9. d3 Nbd7 10. Nd2 Nxe5 11. fxe5 Nd7 12. d4 e6 13. c4 O-O 14. cxd5 exd5 15.
Qf3 cxd4 16. exd4 Bh6 17. Rd1 Qa5 18. Bc3 Qb5 19. a4 Qc6 20. O-O f6 21. Bb4
fxe5 22. Bxf8 Rxf8 23. Qg4 Be3+ 24. Kh1 Rxf1+ 25. Nxf1 Bxd4 26. Ng3 Nf6 27. Qg5
Qe6 28. Rf1 e4 29. Nh5 Kf7 30. Nf4 Qf5 31. Qxf5 gxf5 32. Rd1 Be5 33. Nxd5 Ng4
34. Re1 Bxh2 35. Ne3 Bg3 36. Re2 Nh6 37. Nf1 Be5 38. g3 Ng4 39. Kg2 Ke6 40. Nd2
b5 41. Kh3 Nf6 42. axb5 axb5 43. Kg2 Kd5 44. Nb1 Kc5 45. Nd2 h5 46. Nb1 Kb4 47.
Nd2 Kc3 0-1